Sports Quiz

Random Sports or Football Quiz

Gillingham FC Top 100 Appearances Quiz Stats

 Plays Quiz not verified by Sporcle

Score 0/100 Timer 12:00
0 Plays Today
Apps/Goals Player name % Correct
396/26Paul Smith
92.3%
253/15Neil Smith
92.3%
181/9Jake Hessenthaler
91.7%
210/14Max Ehmer
88.9%
655/0Ron Hillyard
88.5%
363/36Andy Hessenthaler
88.5%
187/38Bradley Dack
88.5%
387/149Brian Yeo
84.6%
379/30Nicky Southall
84.6%
616/0John Simpson
80.8%
319/10Barry Ashby
80.8%
269/110Tony Cascarino
80.8%
223/81Cody McDonald
80.8%
222/0Vince Bartram
80.8%
223/0Stuart Nelson
80.8%
167/6Ian Cox
80.8%
543/55Mark Weatherly
76.9%
275/104Steve Lovell
76.9%
264/15Chris Hope
76.9%
199/4Adrian Pennock
76.9%
197/19Andrew Crofts
76.9%
419/18Dick Tydeman
73.1%
357/102Damien Richardson
73.1%
294/89Ken Price
73.1%
237/37Steve Bruce
73.1%
206/18Mark Saunders
73.1%
199/6Nyron Nosworthy
73.1%
193/17Guy Butters
73.1%
172/55Iffy Onuora
73.1%
171/5Peter Shaw
73.1%
159/7Mel Sage
73.1%
151/29Paul Shaw
73.1%
284/110Brian Gibbs
69.2%
238/77Danny Westwood
69.2%
Apps/Goals Player name % Correct
187/10Danny Spiller
65.4%
251/17Richard Green
61.5%
196/19Karl Elsey
61.5%
195/15Mark Bentley
61.5%
179/3Tony Weston
61.5%
178/9Danny Jackman
61.5%
174/21George Jacks
61.5%
167/19Curtis Weston
61.5%
155/43Dave Mehmet
61.5%
147/28Mike Green
61.5%
195/1Barry Fuller
57.7%
147/2Mark Patterson
57.7%
205/31David Peach
53.8%
188/10Mark O'Connor
53.8%
157/3John Nutter
46.2%
274/10Graham Knight
42.3%
179/7Tony Butler
42.3%
160/11Dave Shipperley
42.3%
179/8Joe Martin
38.5%
171/34Alan Wilks
34.6%
170/16Alan Walker
34.6%
147/15Dennis Oli
34.6%
434/10Charlie Marks
30.8%
221/16Harry Hughes
30.8%
205/11John Overton
30.8%
203/14John Crabbe
30.8%
165/16Abel Lee
30.8%
232/2John Sharpe
26.9%
220/21Alec Farrall
26.9%
188/8Bill Williams
26.9%
523/13Jimmy Boswell
23.1%
253/113Tug Wilson
23.1%
194/1Paul Haylock
23.1%
163/77Ernie Morgan
23.1%
Apps/Goals Player name % Correct
395/1Jock Robertson
19.2%
251/7John Meredith
19.2%
209/120Hughie Russell
19.2%
204/12Terry Nicholl
19.2%
276/20Dave Galvin
15.4%
254/3Dave Quirke
15.4%
222/51Gordon Pulley
15.4%
355/6Dennis Hunt
7.7%
180/10Ray Bailey
7.7%
178/4Albert Collins
7.7%
204/3John Arnott
3.8%
192/11Tommy Kingsnorth
3.8%
180/76Jack Frettingham
3.8%
177/12Mel Machin
3.8%
156/9Tom Leslie
3.8%
271/5Jack Mahon
0%
221/36George Forrester
0%
220/4Bill Parry
0%
211/0Fred Lester
0%
207/55Tommy Hall
0%
204/1Ron Lewin
0%
201/0Tommy Rigg
0%
182/6Les Riggs
0%
178/62Jackie Briggs
0%
178/0Andrew Mosley
0%
173/34Roy Bethell
0%
165/8Wally Battiste
0%
164/0Vic Niblett
0%
154/0Dave Whitelaw
0%
153/2Roy Proverbs
0%
148/0George Lloyd
0%
146/2Joe Elliott
0%

You're not logged in!

Compare scores with friends on all Sporcle quizzes.
OR
Log In

Sporcle TV

Today on Sporcle TV


Watch our educational content, quiz creation guides, and fun videos on Sporcle TV.

Show Comments

Extras

Top Quizzes Today


Score Distribution

Your Account Isn't Verified!

In order to create a playlist on Sporcle, you need to verify the email address you used during registration. Go to your Sporcle Settings to finish the process.

Report this User

Report this user for behavior that violates our Community Guidelines.

Details: